000 00373nam a2200145 i 4500
001 bg
100 1 _aHIMMELBLAU, Dawid M.
245 0 _aApplied nonlinear programming /
_cDawid M. Himmelblau.
260 _aNew York :
_bMcGraw-Hill Book Company,
_c1972.
040 _cBPK
041 _apol
080 _a519.85
942 _cKS
008 s pl f |000 0 pol
999 _c27632
_d27632
856 _uhttp://koha.tu.koszalin.pl/cgi-bin/koha/opac-detail.pl?biblionumber=27632
_yKatalog online BPK